000 02795nam0a2200373 4500
001 RU\NLR\BIBL_A\012831805
005 20220913114507.0
010 _a978-5-9571-3185-4
_9100
021 _aRU
_bКН-П-22-022917
_9КН-П-22-1962
035 _a(NLR Aleph) 012831805
035 _a(RuMoRGB)011041306
090 _a12361648
_c12361648
100 _a20220628d2022 u y0rusy50 ca
101 0 _arus
102 _aRU
105 _aa j 000zy
181 0 _ai
_baxxe
182 0 _an
200 1 _aМакет уголовного дела
_eучебное пособие
_fЕ. А. Купряшина, Е. Ф. Лукьянчикова, А. И. Ляхова
_gМинистерство науки и высшего образования Российской Федерации, Федеральное государственное автономное образовательное учреждение высшего образования "Белгородский государственный национальный исследовательский университет"
203 _aТекст
_bвизуальный
_cнепосредственный
210 _aБелгород
_cБелГУ
_d2022
215 _a99 с.
_cил.
_d21
330 _aПособие представляет собой материалы уголовного дела, отражающие последние изменения в уголовно-процессуальном законодательстве Российской Федерации и позволяет изучить культуру оформления процессуальных документов по уголовному делу, логичность и последовательность их изложения, мотивированность выводов должностных лиц, принимающих процессуальные решения по уголовному делу
606 1 _aКражи
_xУголовная ответственность
_yРоссийская Федерация
_jУчебные издания
_2nlr_sh1
_2nlr_sh2
_3RU\NLR\AUTH\661348989
606 1 _aОрганы дознания
_xУголовно-процессуальная деятельность
_yРоссийская Федерация
_jУчебные издания
_2nlr_sh1
_2nlr_sh2
_3RU\NLR\AUTH\661416665
686 1 _aХ628.111.51я7
686 1 _aХ629.14-5я7
700 1 _aКупряшина
_bЕ. А.
_gЕлена Александровна
701 1 _aЛукьянчикова
_bЕ. Ф.
_gЕлена Федоровна
701 1 _aЛяхова
_bА. И.
_gАлиса Игоревна
942 _cBOOK
980 _aNB